000 00484nam a2200169Ia 4500
008 221007s9999 xx 000 0 und d
020 _a11168
041 _aeng
082 _bRAJ/NAI
100 _aRajasekaran K; Nair R R & Nafala K M
_996510
245 _aDigital Library Basics : A Practical Manual
260 _c2011
_bEss Ess Pub
_aNew Delhi
500 _aDigital Library;Library and information science
650 _aGeneral
700 _aNair R.R.
_996511
906 _bGeneral
999 _c60916
_d60916